00424pab a2200133 454500008004000000100001900040245012800059260000900187300001200196362001200208650002500220700001900245773002600264180718b2008 xxu||||| |||| 00| 0 eng d aThilagaraj, R. aExamining impact of official intervention and delinquent persistence among released Juveniles from correctional institution c2008 ap.8-18. aJul-Sep aJuvenile delinquency aPriyamadha, M. aIndian Police Journal